000
00287nam a2200097Ia 4500
008
240331s9999 xx 000 0 und d
082
_b
FEM
100
_a
Saunders,K. ed
245
0
_a
Feminist Post - Development Thought :
_b
Rethinking modernity,postcolonialism and representation
942
_c
L
999
_c
5722
_d
5722